[Event "Sharjah FIDE GP (Women)"]
[Site "Sharjah"]
[Date "2014.08.26"]
[Round "2"]
[White "Zhao, Xue"]
[Black "Hou, Yifan"]
[Result "1/2-1/2"]
[WhiteElo "2508"]
[BlackElo "2661"]
[Annotator "CB"]
[PlyCount "44"]
[EventDate "2014.08.25"]
[EventType "tourn"]
[EventRounds "11"]
[EventCountry "UAE"]
[EventCategory "10"]
[SourceTitle "CBM 162"]
[Source "ChessBase"]
[SourceDate "2014.09.17"]
[SourceVersion "1"]
[SourceVersionDate "2014.09.17"]
[SourceQuality "1"]

{Not a very exiciting game. Zhao Xue was ok with repeating a drawish line and
the World Champion took the opportunity to go back to her room with an easy
half a point with black.} 1. d4 Nf6 2. c4 e6 3. Nc3 Bb4 4. Qc2 d5 5. a3 Bxc3+
6. Qxc3 Ne4 7. Qc2 c5 8. dxc5 Nc6 9. e3 Qa5+ 10. Bd2 Nxd2 11. Qxd2 dxc4 12.
Qxa5 Nxa5 13. Rc1 b5 14. cxb6 Bb7 15. bxa7 Rxa7 $6 (15... Ke7 $1 {is the
theoretically accurate move.}) 16. Ne2 (16. Bxc4 Bxg2 17. Bf1 {must be what
both player missed, although it is not clear how big White's advantage is even
in that endgame.} Bxh1 18. Rc8+ Ke7 19. Rxh8 Rc7 $1 $14) 16... Ke7 17. Nc3 Rb8
18. f3 Bc6 19. Nd1 Ba4 20. Nc3 Bc6 21. Nd1 Ba4 22. Nc3 Bc6 1/2-1/2

[Event "Rostov on Don op"]
[Site "Rostov on Don"]
[Date "1993.??.??"]
[Round "?"]
[White "Galliamova, Alisa"]
[Black "Lerner, Konstantin Z"]
[Result "0-1"]
[WhiteElo "2435"]
[BlackElo "2530"]
[Annotator "Chekhov,V"]
[PlyCount "82"]
[EventDate "1993.05.??"]
[EventType "swiss"]
[EventRounds "9"]
[EventCountry "RUS"]
[SourceTitle "CBM 036"]
[Source "ChessBase"]
[SourceDate "1993.10.01"]
[SourceVersion "1"]
[SourceVersionDate "1993.10.01"]
[SourceQuality "1"]

1. d4 Nf6 2. c4 e6 3. Nc3 Bb4 4. Qc2 d5 $5 5. a3 (5. cxd5 exd5 (5... Qxd5 6.
Nf3 O-O 7. Bd2 Bxc3 8. Bxc3 b6 9. Nd2 $1 Bb7 10. f3 Qg5 11. e4 $14 {Sokolov,
I-Romanishin,O Barselona 1992 Inf 54/538/}) 6. Bg5 h6 7. Bh4 (7. Bxf6 Qxf6 8.
a3 Bxc3+ 9. Qxc3 O-O 10. e3 Bf5 11. Nf3 Nd7 12. Rc1 Rfc8 13. b4 a5 $132 {
Nogueiras,J-Sokolov,A Leningrad 1987 Inf 43/698/}) 7... c5 8. dxc5 Nc6 9. e3 g5
10. Bg3 Qa5 11. Nf3 Ne4 12. Nd2 Nxc3 13. bxc3 Bxc3 14. Rb1 Qxc5 $1 15. Rb5 Qa3
16. Rb3 Bxd2+ 17. Qxd2 Qa5 {Spassky,B-Fisher,R JUG 1992 Inf 55/548/} 18. Qxa5
Nxa5 19. Rb5 Nc6 20. Rxd5 Be6 21. Rd2 Rd8 22. Bb5 Ke7 $10) 5... Bxc3+ 6. Qxc3
Ne4 7. Qc2 c5 (7... e5 8. e3 exd4 9. cxd5 Qxd5 10. Nf3 Nd6 11. Nxd4 Bd7 12. f3
Nc6 13. Nxc6 Bxc6 14. Be2 f5 15. a4 $1 O-O-O $132 {Atalik,S-Kotronias,V
Mongolia 1992/}) 8. dxc5 Nc6 9. Nf3 (9. cxd5 exd5 10. Nf3 Bf5 (10... Qa5+ 11.
Bd2 Qxc5 12. Qxc5 Nxc5 13. Be3 Ne4 14. Nd4 O-O 15. Rd1 $14 {Kasparov,
G-Georgiev,Kir Thessaloniki 1988; 13.Bc3!?/}) 11. b4 O-O 12. Bb2 b6 13. b5 bxc5
14. bxc6 Qa5+ 15. Nd2 Rab8 16. c7 Rb3 $5 17. Be5 $1 c4 18. f3 {Gurevich,
M-Franzoni,G Luzern 1989 Inf 48/742/} Ng3 $5 19. Qxb3 cxb3 20. hxg3 $13) 9...
Qa5+ 10. Nd2 Nd4 (10... Nxd2 11. Bxd2 Qxc5 12. e3 dxc4 13. Qxc4 Qxc4 14. Bxc4
Bd7 15. Bc3 $14 {Reshevsky,S-Capablanka,H AVRO 1938}) 11. Qd3 e5 12. b4 Qa4 13.
Ra2 Bf5 14. Nxe4 $5 $146 (14. cxd5 Nxc5 15. Qc3 Ncb3 16. Nxb3 Qxb3 17. Qxb3
Nxb3 18. Bd2 Be4 $10) 14... Bxe4 15. Qc3 O-O-O $5 (15... Nc2+ 16. Rxc2 Qxc2 17.
Qxc2 Bxc2 18. cxd5 $14) 16. f3 Nc2+ 17. Kf2 d4 18. Qb2 Bg6 $44 19. g3 (19. e4
$5 dxe3+ 20. Bxe3) 19... Kb8 20. Bg2 f6 21. Bd2 d3 22. Rc1 Nd4 23. e3 $6 (23.
exd3 $5) 23... Ne2 24. Rb1 Bf7 $17 25. Raa1 Rc8 (25... Bxc4 $5) 26. Qa2 b5 27.
cxb6 axb6 28. Qb3 Qd7 29. Rd1 (29. a4 $5) 29... Bxc4 30. Qb2 Qa4 31. Be1 h5 32.
Bh3 $6 h4 $1 33. gxh4 (33. Bxc8 hxg3+ 34. hxg3 Rh2+ 35. Kf1 Nxg3+ $19) 33...
Rxh4 34. Kg2 Rxh3 $1 $19 35. Kxh3 Be6+ 36. Kg2 Rc2 37. Rd2 Rxb2 38. Rxb2 Qd7
39. Rd2 Bh3+ 40. Kf2 Qf5 41. e4 Qd7 0-1

[Event "Maroczy Memorial"]
[Site "Szeged"]
[Date "1997.11.16"]
[Round "3"]
[White "Atalik, Suat"]
[Black "Sax, Gyula"]
[Result "1-0"]
[WhiteElo "2590"]
[BlackElo "2570"]
[Annotator "ChessBase"]
[PlyCount "51"]
[EventDate "1997.11.14"]
[EventType "tourn"]
[EventRounds "9"]
[EventCountry "HUN"]
[EventCategory "13"]
[SourceTitle "100 Jahre Schach"]
[Source "ChessBase"]
[SourceDate "2000.04.19"]
[SourceVersion "1"]
[SourceVersionDate "2000.04.19"]
[SourceQuality "1"]

1. d4 Nf6 2. c4 e6 3. Nc3 Bb4 4. Qc2 d5 {Die Bedeutung dieser Partie könnte
bis auf diesen Zug zurückstrahlen: Womöglich muß Schwarz wieder zu 4...0-0
oder 4...c5 greifen.} 5. a3 Bxc3+ 6. Qxc3 Ne4 7. Qc2 Nc6 {Hier besteht noch
eine Alternative in Form von} (7... c5 $5) 8. e3 e5 {Die Konsequenz des
schwarzen Aufbaus, aber jetzt wird's noch forcierter.} 9. cxd5 Qxd5 10. Bc4
Qa5+ 11. b4 Nxb4 12. Qxe4 Nc2+ 13. Ke2 Qe1+ 14. Kf3 Nxa1 15. Bb2 O-O {Die
ganze Variante ist schon sehr alt. Früher - in den 30er und 40er Jahren - hat
man 15...Be6 gespielt.} (15... Be6 16. d5 O-O-O 17. dxe6 fxe6 18. Bxe5 Rhf8+
19. Kg4 {! laut Sokolov,A} (19. Kg3 Rxf2 {und Weiß hat die Wahl zwischen
Taimanovs Empfehlung 20.Kh3 und 20.Ne2.}) 19... Rxf2 20. Nh3 h5+ 21. Kxh5 Rh8+
22. Kg6 Rxg2+ 23. Qxg2 Qxe3 $18 {Weiß gelang es in Lazarev,V-Sokolov,A/FRA
1998 die Partie noch zu verlieren.}) 16. Kg3 Kh8 {Das war die Verbesserung
gegenüber} (16... Bd7 {, wonach Weiß mit} 17. Nf3 Qxh1 18. Ng5 g6 19. Qxe5 Rae8
20. Qf6 Rxe3+ 21. fxe3 Qe1+ 22. Qf2 Nc2 23. Qxe1 Nxe1 24. Kf2 b5 25. Be2 Nc2
26. Bd3 Nxa3 27. Bxa3 {das bessere Endspiel erhält: 1-0 Danilov,N-Peleshev,L/
Tallinn 1998/EXT 99 (51)}) (16... h6 $145 $1 $13) 17. dxe5 $3 {Und da ist die
Neuerung.} (17. Nf3 Qxh1 18. Ng5 f5 19. Qxe5 {aber die Partien ergaben kein
klares Bild.}) 17... Be6 18. Nf3 $1 {Das kostet einen Turm, aktiviert den
Springer aber mit Tempo.} Qxh1 19. Ng5 g6 20. Nxf7+ $3 {Das ist der Clou der
Neuerung im 17. Zug.} Rxf7 21. Bxe6 Rg7 ({Atalik (und Fritz) geben diese
Variante an:} 21... Rxf2 $5 22. Kxf2 Rf8+ 23. Kg3 Qe1+ 24. Kh3 Kg7 25. Bd7 Kh6
26. e6 Rf5 27. Bf6 $1 Rh5+ 28. Kg4 Rf5 29. e7 Qd1+ 30. Kh3 $18) 22. Bf7 $1 Rxf7
{Man kann sich leicht überzeugen, daß auch andere Züge nichts gegen e5-e6
ausrichten können.} (22... Qd1 23. e6 Qd6+ (23... Nb3 24. e7 Qd6+ 25. f4 $18)
24. Kh3 Nb3 25. Qxb7 Rf8 26. Qxb3 $18) 23. e6+ Kg8 24. Qd4 $1 ({Hier leistet} 
24. Qe5 {nicht das Gleiche:} Rf3+ $1 25. gxf3 (25. Kxf3 Qd1+ 26. Kg3 Qd6) 25...
Qg1+ 26. Kh3 Qf1+ {und Dauerschach}) 24... Kf8 25. exf7 Kxf7 26. Qd7+ (26. Qd7+
Kf8 27. Qg7+ Ke8 28. Bf6 $18) 1-0

[Event "Amsterdam Euwe Memorial"]
[Site "Amsterdam"]
[Date "1996.03.27"]
[Round "5"]
[White "Lautier, Joel"]
[Black "Piket, Jeroen"]
[Result "0-1"]
[WhiteElo "2630"]
[BlackElo "2570"]
[Annotator "Dautov,R"]
[PlyCount "50"]
[EventDate "1996.03.22"]
[EventType "tourn"]
[EventRounds "9"]
[EventCountry "NED"]
[EventCategory "18"]
[SourceTitle "CBM 052"]
[Source "ChessBase"]
[SourceDate "1996.06.01"]
[SourceVersion "1"]
[SourceVersionDate "1996.06.01"]
[SourceQuality "1"]

1. d4 {Kortschnoj Ftacnik} Nf6 2. c4 e6 3. Nc3 Bb4 4. Qc2 d5 5. a3 Bxc3+ 6.
Qxc3 Ne4 7. Qc2 O-O (7... b6 $5 8. e3 Bb7 9. cxd5 exd5 10. Bb5+ c6 11. Bd3 c5
12. Ne2 Nd7 13. Nc3 Nxc3 14. bxc3 c4 15. Be2 O-O 16. O-O f5 17. a4 Rf7 18. Bd2
Nf6 19. f3 Qd7 $10 {Gelfand,B-Seirawan,Y/Amsterdam VSB (03) ;CBM 52 1996}) (
7... c5 {Kortschnoj} 8. dxc5 Nc6) 8. e3 b6 9. Bd3 (9. f3 {Ftacnik} Qh4+ 10. g3
Nxg3 11. hxg3 Qxh1 12. Qf2 Qh5 13. g4 Qg5 14. Bd2 Ba6 15. Nh3 Qe7 16. Bd3 c5
17. O-O-O g6 18. Rh1 {1-0 Emerson,M-Reimold,D/Waldshut HT4 (04)/1991/ (32)})
9... Bb7 (9... Ba6 $5 10. Ne2 (10. Bxe4 $2 dxe4 11. Qxe4 Bxc4 12. Qxa8 Bd5 $17)
(10. Nf3 Nd7 11. b3 f5 12. Bb2 c5 13. O-O Rc8 $10) 10... Nd7 11. O-O c5 12. b3
cxd4 13. Nxd4 Ndc5 $15 {Bogoljubow-Euwe/Amsterdam m/1928}) 10. Nf3 (10. Ne2 {
!? Kortschnoj} Nd7 11. O-O (11. cxd5 exd5 12. f3 Nef6 13. g4 g6 14. Ng3 c5 15.
h4 cxd4 16. exd4 Re8+ 17. Kf1 Qc8 18. Qxc8 Rexc8 19. Bf4 a5 20. Rh2 Ba6 21.
Bxa6 Rxa6 22. Rc1 Rc4 {1/2-1/2 Berkovich,D-Kholmov,R/Orel/1992/ (55)}) 11... c5
12. cxd5 exd5 13. f3 Nef6 14. Ng3 a5 15. Rd1 g6 16. Qf2 Re8 17. Bd2 h5 18. a4
Ba6 19. Bxa6 Rxa6 20. Bc3 c4 21. Re1 $14 {Granda Zuniga,J-Sunye Neto,J/Sao
Paulo zt (08) 1993} (21. Re1 {Ftacnik} Nf8 22. e4 h4 23. Nf1 h3 24. e5 hxg2 25.
Ng3 N6h7 26. f4 f5 27. Qxg2 {1-0 Granda Zuniga,J-Sunye Neto,J/Sao Paulo zt (08)
/1993/(48)})) 10... c5 11. O-O Nd7 12. b4 $146 (12. b3 Rc8 (12... Ndf6 {Ftacnik
} 13. Bb2 Rc8 $10) 13. Bb2 Qe7 (13... Ndf6 {Kortschnoj} 14. Qe2 $36) 14. Ne5
cxd4 15. Nxd7 Qxd7 16. Bxd4 $14 {Navarovszky-Haag/Budapest/1965}) 12... Ndf6 (
12... Rc8 $5) 13. dxc5 (13. cxd5 $6 Qxd5 {[%cal Ra8h1]}) (13. bxc5 bxc5 14. Rb1
Rb8 $10) (13. Bb2 cxd4 14. Bxd4 Rc8 15. Qe2 dxc4 16. Bxc4 Nd6 17. Bd3 Nfe4 18.
Rfc1 Qe7 $10 {/\f6,e5}) 13... bxc5 {Black is trying to compensate the bishops
pair with active play in the center.} 14. Bb2 (14. b5 a6 15. Bb2 axb5 16. cxb5
c4 $13) 14... cxb4 (14... Rc8 15. b5 dxc4 16. Bxc4 $14) 15. axb4 dxc4 16. Bxc4
$14 Rc8 17. Qe2 (17. Rxa7 $2 {Ftacnik} Bd5 18. Ne5 Bxc4 19. Nxc4 Nd6 $19) 17...
Qb6 (17... Bd5 $5 18. Bxd5 Nxd5 19. Rxa7 Qb6 $14 (19... Nxb4 $2 20. Bxg7 Rc2
21. Qb5 $16)) 18. Ne5 $16 (18. Bd3 Nc3 19. Qd2 $10) 18... Qxb4 $1 (18... a6 19.
f3 Nd6 20. Bd4 Qc7 (20... Qxb4 21. Rfb1 Rxc4 22. Rxb4 Rxb4 23. Bc5 $18) 21.
Bxa6 $16) (18... Rfd8 {Ftacnik} 19. Bd4 $14) 19. Ba3 Qc3 20. Bxf8 Qxe5 21. Bb4
$2 (21. Rxa7 $2 Nc3 22. Qd2 (22. Qb2 Rxc4 23. Qxb7 Ne2+ 24. Kh1 Qxh2+ 25. Kxh2
Rh4#) (22. Qd3 Be4 $17) 22... Qe4 23. Rxb7 Qxc4 24. Bb4 Ne2+ 25. Kh1 Ng3+ 26.
hxg3 Qxf1+ 27. Kh2 Ng4+ $19) (21. Be7 $1 Nc3 22. Qd3 $8 (22. Qd2 $2 Qe4 23. f3
Qxc4 $17) 22... Ng4 (22... Be4 23. Qd2 Bxg2 24. Kxg2 Qe4+ (24... Ng4 25. Bd6
Qe4+ 26. f3 Nxe3+ 27. Kf2 Nxf1 28. Bxf1 $16) 25. f3 Qxc4 26. Bxf6 gxf6 27. Rxa7
$16) 23. Bd6 Qe4 24. Qxe4 Nxe4 25. Be2 Nxe3 26. fxe3 Nxd6 27. Rxa7 g6 28. Rd1
Bd5 29. Bf3 Ne4 $16) 21... Nxf2 $1 22. Qxf2 $2 (22. Kxf2 $2 Rxc4 $1 23. Qxc4
Qb2+ 24. Qe2 (24. Ke1 Qxa1+ 25. Ke2 Qa6 $1 26. Rc1 Qxc4+ 27. Rxc4 Ba6 $19)
24... Ng4+ $19 (24... Ne4+ 25. Kg1 Qxe2 $19)) (22. Ra5 $2 Qe4 23. Rxf2 Rxc4 24.
Bd2 Ra4 $17) (22. Rxf2 $2 Qxa1+ $19) (22. Bxe6 $1 Qxe6 (22... fxe6 23. Qxf2 Rc4
24. Qd2) 23. Rxf2 $1 (23. Qxf2 Ng4 24. Qg3 Qxe3+ 25. Qxe3 Nxe3 26. Rf2 $10)
23... Ng4 (23... Ne4 24. Rff1 a6 25. Rac1 $14) 24. Rf4 Qxe3+ (24... Nxe3 25.
Bd2 Nxg2 26. Qxe6 fxe6 27. Rg4 Rc2 $2 28. Bh6 g6 29. Rf1 $16) 25. Qxe3 Nxe3 26.
Rxa7 $14) 22... Rxc4 $17 {On top of excellent coordination and attacking
chances black already has two pawns for his exchange.} 23. Ra5 (23. Be7 Rg4 24.
Rad1 h6 25. Rd8+ Kh7 $19) (23. Rad1 $8 h5 24. Rd4 $15) 23... Qc7 24. Rb5 $2
$138 (24. Bd2 Rg4 25. Rxa7 Qc6 26. Rxb7 Qxb7 $17) (24. Be1 Rc2 $19) 24... Qd7
$19 25. Rg5 Ne4 (25... Rxb4 26. Qxf6) 0-1

[Event "Tilburg"]
[Site "Tilburg"]
[Date "1994.??.??"]
[Round "2"]
[White "Vladimirov, Yevgeniy"]
[Black "Yudasin, Leonid"]
[Result "0-1"]
[WhiteElo "2580"]
[BlackElo "2625"]
[Annotator "Dautov,R"]
[PlyCount "78"]
[EventDate "1994.09.??"]
[EventType "k.o."]
[EventRounds "7"]
[EventCountry "NED"]
[SourceTitle "CBM 044"]
[Source "ChessBase"]
[SourceDate "1995.02.01"]
[SourceVersion "1"]
[SourceVersionDate "1995.02.01"]
[SourceQuality "1"]

1. d4 Nf6 2. c4 e6 3. Nc3 Bb4 4. Qc2 d5 5. a3 Bxc3+ 6. Qxc3 Ne4 7. Qc2 Nc6 8.
e3 e5 9. cxd5 Qxd5 10. Nf3 (10. Bc4 Qa5+ 11. b4 Nxb4 12. Qxe4 Nc2+ 13. Ke2 Qe1+
14. Kf3 Nxa1 15. Bb2 O-O 16. Kg3 Kh8 $1 $13 {Lautier-Timman/Donner mem-A/1994})
10... Qa5+ (10... exd4 $6 11. Bc4 Qf5 12. O-O dxe3 13. Bd3 exf2+ 14. Rxf2 Nd4
15. Qa4+ $18) (10... Bf5 $5 11. Bd3 (11. Bc4 $6 Qa5+ 12. b4 (12. Bd2 Nxd2 13.
Qxd2 Qxd2+ 14. Kxd2 exd4 15. exd4 O-O-O $10) 12... Nxb4 13. axb4 Qxa1 14. Nh4 (
14. O-O Nd6) (14. Nxe5 Nd6) 14... Bd7 15. O-O Nd6 16. Bb2 Qa4 $17) 11... exd4
12. Nh4 Ne5 (12... Nxf2 13. Nxf5 Nxh1 14. Nxg7+ Kf8 15. e4 Qe5 16. Nf5 Qxh2 17.
Bh6+ Ke8 18. O-O-O $40) 13. Nxf5 Nxd3+ 14. Qxd3 Qxf5 15. f3 Ng3 16. e4 Qh5 17.
Rg1 Qxh2 18. Qb5+ Kd8 19. Qd5+ Kc8 20. Qxd4 Rd8 21. Qf2 $13) 11. Nd2 Nd6 (11...
Bf5 $5 12. b4 (12. Bd3 Nxd2 13. Bxd2 Bxd3 14. Qxd3 Qd5 $15) 12... Nxb4 13. Qb2
(13. axb4 Qxa1 14. Bd3 Nxd2 (14... Ng3 15. Bxf5 Nxf5 $1 (15... Nxh1 16. Bd7+ $3
Kd8 (16... Kxd7 17. Nb3 $18) 17. Nb3 Qa6 18. dxe5 $40) 16. O-O Ne7 17. Bb2 Qa6
$15) 15. Bxf5 Nb3 16. O-O Nxc1 17. Rxc1 Qa3 18. Bd7+ Kf8 19. Qc5+ Kg8 20. dxe5
$40) 13... Nd5 14. f3 Nxd2 15. Bxd2 Qb6 16. Qxb6 Nxb6 17. dxe5 O-O-O 18. e4 Be6
$10) 12. b4 $1 Nxb4 13. Qc3 Nc6 14. Qxa5 Nxa5 15. dxe5 Nf5 16. Bb2 Be6 17. e4
Ne7 18. Bc3 Nec6 (18... Nac6 19. f4 g6 20. Kf2 O-O-O 21. Ke3 $16) 19. f4 g6 20.
Be2 O-O-O 21. Kf2 (21. g4 $6 Nb3 22. Nxb3 Bxb3 23. Kf2 Nd4 $132) 21... b6 (
21... h5 22. h3 h4 $6 23. Nf3 $16) 22. g4 $16 {^^,[+]} Rhe8 23. f5 Bd7 24. Nf3
Nb3 25. Rad1 Nc5 26. Ke3 h6 27. Bc4 Rf8 28. Rd5 $1 Rde8 (28... Ne7 $2 29. Rxc5
$1 bxc5 30. Ba6+ Kb8 31. Rb1+ Ka8 32. Bb7+ Kb8 33. e6 fxe6 34. fxe6 Be8 35. Bg7
Rg8 36. Bf6 $18) (28... Na4 {>=}) 29. Rhd1 Nb8 30. Rxc5 $6 (30. Bb4 $1 Ba4 31.
Bxc5 Bxd1 32. Bxf8 Bxf3 33. Bxh6 Bxg4 34. Kf4 Bh5 35. Rd2 $16) 30... bxc5 31.
Rd5 a6 32. Rxc5 Bb5 33. Bxb5 axb5 34. Rxb5 Nd7 35. Nd2 gxf5 36. gxf5 $6 (36.
exf5 $1 c6 37. Ra5 Nf6 38. Kf3 Nd5 39. Bd4 $16) 36... Rg8 $132 37. Nc4 Rg2 38.
Ra5 Kb7 (38... Rxh2 39. Ra8+ Nb8 40. Na5 Rh3+ 41. Kd4 h5 $17) 39. Rd5 Kc8 $138
0-1

[Event "Olympiad-31"]
[Site "Moscow"]
[Date "1994.12.03"]
[Round "3.1"]
[White "Lautier, Joel"]
[Black "Timman, Jan H"]
[Result "0-1"]
[WhiteElo "2645"]
[BlackElo "2635"]
[Annotator "Dautov,R"]
[PlyCount "108"]
[EventDate "1994.12.01"]
[EventType "team-swiss"]
[EventRounds "14"]
[EventCountry "RUS"]
[SourceTitle "CBM 045"]
[Source "ChessBase"]
[SourceDate "1995.04.01"]
[SourceVersion "1"]
[SourceVersionDate "1995.04.01"]
[SourceQuality "1"]
[WhiteTeam "France"]
[BlackTeam "Netherlands"]
[WhiteTeamCountry "FRA"]
[BlackTeamCountry "NED"]

1. d4 {Timman Ftacnik Notkin Hecht} Nf6 2. c4 e6 3. Nc3 Bb4 4. Qc2 d5 5. a3
Bxc3+ 6. Qxc3 Ne4 7. Qc2 Nc6 8. e3 e5 9. Nf3 (9. cxd5 Qxd5 10. Bc4 (10. Nf3
Qa5+ (10... Bf5 $5) 11. Nd2 Nd6 (11... Bf5 $5) 12. b4 Nxb4 13. Qc3 Nc6 14. Qxa5
Nxa5 15. dxe5 Nf5 16. Bb2 Be6 17. e4 Ne7 18. Bc3 $16 {Vladimirov-Yudasin/
Tilburg/1994}) 10... Qa5+ 11. b4 Nxb4 12. Qxe4 Nc2+ 13. Ke2 Qe1+ 14. Kf3 Nxa1
15. Bb2 O-O 16. Kg3 Kh8 $1 {Notkin} 17. Nf3 Qxh1 18. Ng5 f5 19. Qxe5 f4+ 20.
exf4 Bh3 (20... Bf5 21. d5 $2 (21. Bf7 $1 Qb1 $8 22. d5 Qxb2 23. Qxb2 h6 $16)
21... Rf6 22. d6 $2 Qd1 $1 23. h3 Qxd6 24. Bxa1 Qxe5 25. fxe5 Rc6 {Morozov,
S-Burlov,V/Moscow/1986/0:1/25/}) 21. Kxh3 Qb1 22. d5 Qf5+ 23. Qxf5 Rxf5 24. Ne6
$1 $16 {Lautier,J-Timman,J/Amsterdam/1994/1:0/35/}) 9... Bf5 (9... exd4 $6 10.
cxd5 Qxd5 11. Bc4 Qf5 12. O-O dxe3 $2 13. Bd3 exf2+ 14. Kh1 $18) 10. Bd3 (10.
Qb3 $6 Na5 (10... O-O $5 11. cxd5 (11. Qxb7 Na5 12. Qxd5 Qxd5 13. cxd5 Nb3 14.
Nh4 Nxa1 15. Nxf5 Nc2+ 16. Ke2 exd4 $15) 11... Na5 12. Qb5 c6 13. dxc6 bxc6 14.
Qxe5 Bg6 15. Bd3 Re8 (15... Nxf2 $2 16. Bxg6 Nxh1 17. Bxh7+ Kxh7 18. Qh5+ Kg8
19. Ng5 $18) 16. Qf4 Nb3 17. Rb1 Qa5+ 18. Ke2 c5 $44) 11. Qa4+ c6 12. cxd5 (12.
Nxe5 f6 13. Nf3 dxc4 {/\Nb3} 14. Bxc4 b5 15. Bxb5 cxb5 16. Qxb5+ Bd7 $15) 12...
Qxd5 13. Nxe5 Nd6 $44 {/\} 14. Bd2 Nb3 15. Rd1 Bc2 16. Rc1 b5 17. Qa6 Nxc1 18.
Bxc1 Rc8 $17) 10... exd4 11. O-O (11. cxd5 Qxd5 12. Nh4 Ne5 $1 $8 (12... dxe3
$5 {Ftacnik} 13. Nxf5 exf2+ 14. Kf1 O-O-O 15. Bxe4 Qd1+ $13) 13. Nxf5 Nxd3+ 14.
Qxd3 Qxf5 15. f3 Ng3 16. e4 Qh5 17. Rg1 Qxh2 18. Qxd4 $13) (11. exd4 {Notkin}
O-O 12. O-O Re8 13. Be3 dxc4 14. Qxc4 Nd6 15. Qc2 Ne7 $15 {Makogonov,
V-Botvinnik,M/Leningrad/1937/0,5/40/}) 11... Bg6 $1 (11... dxe3 $6 12. Bxe3 O-O
13. Rad1 $36) (11... O-O $6 12. cxd5 Qxd5 13. Nh4 $16) 12. exd4 O-O 13. b4 Re8
(13... a6 {Notkin} 14. c5 Bh5 15. Bxe4 dxe4 16. Qxe4 Re8 17. Qf4 Bxf3 18. Qxf3
Nxd4 19. Qg4 Ne2+ $10 {Forintos,G-Antoshin,V/Sochi/1974/}) 14. c5 a6 $1 $10 {
Timman} (14... Bh5 $6 15. b5 Na5 16. Nd2 $16 {Bagirov in ECO}) (14... Qf6 $5 {
/\} 15. Be3 Bh5 $1) 15. Bb2 (15. Be3 Qf6 $132 {/\Bh5}) (15. Be3 $13 {Notkin})
15... Ng5 $1 $10 16. Ne5 (16. Nxg5 {Ftacnik} Qxg5 $15) 16... Bxd3 17. Qxd3 Qf6
18. Rae1 Rad8 (18... Nxe5 {Ftacnik} 19. dxe5 Qg6 20. Qxd5 Rad8 21. Qb3 $1 (21.
Qxb7 Rd2 22. Bc1 Nh3+ 23. Kh1 Nxf2+ 24. Kg1 Nh3+ 25. Kh1 $10)) 19. Qd1 $6 {
! Timman:It will become clear, that it is important for White to control the
square g4.} (19. Ng4 Qf4 20. f3 Ne6 21. g3 $10) (19. Nxc6 Qxc6 20. Bc1 $10) (
19. Re3 $15 {Notkin}) 19... Nxe5 20. dxe5 Qf5 21. f4 (21. Bd4 $5 {Notkin}) (21.
f3 {Ftacnik} Ne6 $15) 21... Ne4 22. Bd4 $6 {? Timan: A very strange error.
White allows his kingside to be blocked, although he had prepared for the
advance g2-g4.} (22. g4 $142 Qg6 (22... Qd7 $5 {/\b6}) 23. f5 Qg5 $13 24. Bc1
Qe7 (24... Qh4 {Notkin} 25. Bf4 b6 $17) 25. Bf4 b6 $13) 22... Re6 23. Re3 (23.
g4 $2 Rg6 24. h3 h5 $17) 23... Rg6 $15 24. Qe1 Rc8 {/\b6} (24... b6 $5) 25. Qe2
h5 26. Kh1 Ra8 27. Rd3 b6 (27... b5 $5 {Ftacnik}) 28. Be3 (28. cxb6 {Notkin}
cxb6 29. Bb2 Rc8 30. Rxd5 Rc2 $1 $19) 28... b5 {/\a5} (28... bxc5 {Ftacnik} 29.
Bxc5) 29. a4 (29. Rxd5 Nc3 30. Qd3 Qg4 31. Rd8+ Kh7 (31... Rxd8 32. Qxd8+ Kh7
33. Qd2) 32. Qxg6+ (32. Rg1 {Notkin} Rxd8 33. Qxd8 Ne2 $19 (33... Ne2 {Ftacnik}
34. f5 Qxf5 $17)) (32. Rf2 Rxd8 33. Qxd8 Nd1 $19) 32... fxg6 33. Rxa8 Qe2 $19)
29... bxa4 30. Ra1 Rb8 31. Rxa4 d4 $1 32. Bxd4 (32. Rxd4 $4 Nc3 $19) (32. Bd2 {
Notkin} Nf2+ $19) 32... Qxf4 33. Rf3 $19 (33. Qf3 {Ftacnik} Qh4 $17) 33... Qg4
34. Re3 $2 Qd7 (34... Nf2+ $1 35. Qxf2 Qd1+ 36. Re1 (36. Qe1 {Ftacnik} Qxa4 $19
) 36... Qxa4 $19) 35. Ra2 (35. Rxe4 {Ftacnik} Qxa4 36. e6 Qe8 $19) 35... Rxb4 {
Timman: Winning a pawn while keeping the stronger pawn structure.} 36. Rxe4
Rxd4 37. Rxd4 Qxd4 38. Rd2 Qg4 (38... Qf4 $5 {Ftacnik} 39. Rd8+ $140 Kh7 40.
Qxh5+ $2 Rh6 $19) 39. Qxg4 (39. Qf2 $17 {Notkin}) 39... Rxg4 40. Rd8+ Kh7 41.
Rd7 Rc4 42. Kg1 Rxc5 43. Rxf7 Kg6 44. e6 a5 45. Rf8 Re5 46. Ra8 (46. Rc8 {
Notkin} Rxe6 47. Rxc7 Ra6 $19) 46... Kf6 (46... Rxe6 $6 {Ftacnik} 47. Rxa5) 47.
Ra6 g5 $19 48. Kf2 c5 {The white Kf2 is cut off from the queenside, so the win
for Black is very easy.} 49. Kf3 (49. Rxa5 Kxe6 $19 (49... Kxe6 {Hecht} 50. Ra8
Kd5 $19)) 49... c4 50. Rc6 a4 (50... Rxe6 {Hecht} 51. Rxc4 Ra6 52. Ra4 Ke5 53.
Ke3 Kd5 54. Kd3 Kc5 55. Ra1 (55. Kc3 Kb5 56. Kb3 Re6 57. Rd4 Re3+ 58. Kb2 Re2+
59. Kb3 Rxg2 60. Rd5+ Kb6 61. h4 gxh4 62. Rxh5 Rg4 $19) 55... a4 56. Kc3 a3 57.
Kb3 a2 58. Kb2 Kb4 $19) 51. Ra6 (51. Rxc4 {Notkin} Ra5 52. Re4 (52. Rc2 {
Ftacnik} a3 53. Ra2 Kxe6 $19) 52... Ke7 $19 (52... Ke7 {Hecht} 53. Re2 a3 54.
Ra2 Kxe6 55. Ke4 Ra4+ 56. Kd3 Kd5 57. Kc3 Ra8 58. Kb3 Ke4 59. Re2+ Kd3 60. Ra2
Rb8+ $19)) 51... a3 52. g3 (52. Rxa3 {Hecht} Kxe6 53. Ra8 Kd5 $19) 52... a2 53.
h4 g4+ 54. Kf4 Re2 0-1